The moving eye : film, television, architecture, visual art, and the modern /

"Once the province of film and media scholars, today the moving image is of broad concern to historians of art and architecture and designers of everything from websites to cities. As museums and galleries devote increasing space to video installations which no longer presuppose a fixed viewer,...

Full description

Bibliographic Details
Other Authors: Dimendberg, Edward (Editor)
Format: eBook
Language:English
Published: New York, NY : Oxford University Press, [2019]
Subjects:
Online Access:Connect to the full text of this electronic book

MARC

Tag First Indicator Second Indicator Subfields
LEADER 00000cam a2200000 i 4500
001 in00005716680
005 20260319180322.4
006 m o d
007 cr cnu---unuuu
008 181128t20192019nyua ob 001 0 eng
010 |a  2018057133 
040 |a DLC  |b eng  |e rda  |e pn  |c DLC  |d OCLCO  |d OCLCF  |d N$T  |d EBLCP  |d YDX  |d STBDS  |d OCLCQ  |d BRX  |d OCLCQ  |d ZXC  |d UKAHL  |d OCLCQ  |d IUL  |d SFB  |d OCLCQ  |d OCLCO  |d OCLCL  |d CLOUD  |d OCLCO  |d OCLCQ  |d OCLCL  |d COA 
019 |a 1340102452 
020 |a 9780190218461  |q (electronic book) 
020 |a 0190218460  |q (electronic book) 
020 |a 9780190656683  |q (electronic book) 
020 |a 0190656689  |q (electronic book) 
020 |a 9780190218454  |q (electronic book) 
020 |a 0190218452  |q (electronic book) 
020 |z 9780190218430  |q (hardcover  |q alkaline paper) 
020 |a 0190218436 
020 |a 9780190218430 
020 |a 9780190218447 
020 |a 0190218444 
024 8 |a (WaSeSS)ssj0002158370 
035 |a (OCoLC)1077483173  |z (OCoLC)1340102452 
042 |a pcc 
050 1 4 |a B105.I47  |b M68 2019 
072 7 |a PSY  |x 031000  |2 bisacsh 
082 0 0 |a 302.2/26  |2 23 
049 |a TXAM 
245 0 4 |a The moving eye :  |b film, television, architecture, visual art, and the modern /  |c edited by Edward Dimendberg. 
264 1 |a New York, NY :  |b Oxford University Press,  |c [2019] 
264 4 |c ©2019 
300 |a 1 online resource :  |b illustrations 
336 |a text  |b txt  |2 rdacontent 
337 |a computer  |b c  |2 rdamedia 
338 |a online resource  |b cr  |2 rdacarrier 
520 |a "Once the province of film and media scholars, today the moving image is of broad concern to historians of art and architecture and designers of everything from websites to cities. As museums and galleries devote increasing space to video installations which no longer presuppose a fixed viewer, urban space becomes envisioned and planned through "fly throughs," and technologies such as GPS add data to the experience of travel, moving images have captured the attention of geographers and scholars across the humanities and social sciences. Their practice of "mobility studies" is remaking how we understand a contemporary world in relentless motion. Media theorist and historian Anne Friedberg (1952-2009) was among the first practitioners of visual studies to theorize the experience of vision in motion. Although widely influential beyond her own discipline, Friedberg's work has never been the subject of an extended study. The Moving Eye: Film, Television, Architecture, Visual Art and the Modern gathers together essays by renowned thinkers in media studies, art history, architecture, and museum studies to consider the rich implications of her work for understanding film and video, new media, visual art, architecture, exhibition design, urban space, and virtual reality. Ranging from early cinema, to works by Le Corbusier, Sergei Eisenstein, Gordon Matta-Clark, and Pierre Huyghe, to theories of the image in motion informed by psychoanalysis, theories of the public sphere, and animal studies, each of the nine essays in the book advances the lines of inquiry commenced by Friedberg"--  |c Provided by publisher. 
504 |a Includes bibliographical references and index. 
505 0 0 |t Moving through Friedberg's properly adjusted virtual window /  |r Tom Gunning --  |t Psychoanalysis discovers film theory: Anne Friedberg and close up /  |r Christa Blümlinger --  |t Nicholas Ray's we can't go home again: multiple windows in a delirious time machine /  |r Patricia Pisters --  |t The Eisenstein effect: architecture and narrative montage in Eisenstein and Le Corbusier /  |r Anthony Vidler --  |t Max Ophuls and instant messaging: reframing cinema and publicness /  |r Miriam Hansen --  |t The open box: Umberto Eco, Achille Castiglioni and the architecture of television /  |r Sylvia Lavin --  |t Windows on a broken world: Gordon Matta-Clark's photographs of public housing in New York /  |r Gwendolyn Owens --  |t Sites of screening: cinema, museum, and the art of projection /  |r Giuliana Bruno --  |t Humans becoming animals: on sensorimotor affection /  |r Gertrud Koch. 
588 0 |a Online resource; title from web page (Oxford Scholarship Online, viewed on May 14, 2020). 
600 1 0 |a Friedberg, Anne. 
650 0 |a Image (Philosophy) 
650 0 |a Visualization. 
650 0 |a Movement, Aesthetics of. 
650 6 |a Image (Philosophie) 
650 6 |a Visualisation. 
650 6 |a Esthétique du mouvement. 
650 7 |a PSYCHOLOGY  |x Social Psychology.  |2 bisacsh 
650 7 |a Image (Philosophy)  |2 fast 
650 7 |a Movement, Aesthetics of  |2 fast 
650 7 |a Visualization  |2 fast 
655 7 |a Electronic books.  |2 local 
700 1 |a Dimendberg, Edward,  |e editor.  |1 https://id.oclc.org/worldcat/entity/E39PBJjMxfhQmQKQjGryRp7T73 
758 |i has work:  |a The moving eye (Text)  |1 https://id.oclc.org/worldcat/entity/E39PCGpFvm6qr6mCVBGX8v6BT3  |4 https://id.oclc.org/worldcat/ontology/hasWork 
776 0 8 |i Print version:  |t Moving eye.  |d New York : Oxford University Press, [2019]  |z 9780190218430  |w (DLC) 2018042992 
856 4 0 |u http://proxy.library.tamu.edu/login?url=https://academic.oup.com/book/35317  |z Connect to the full text of this electronic book  |t 0 
955 |a Oxford Scholarship Online 
994 |a 92  |b TXA 
999 f f |i eb0bfa60-161c-41e7-bbc8-730a9c00818d  |s 1e0fbeb6-8fc0-4f24-a90b-b794097be848  |t 0 
952 f f |a Texas A&M University  |b College Station  |c Electronic Resources  |s www_evans  |d Available Online  |t 0  |e B105.I47 M68 2019  |h Library of Congress classification 
998 f f |a B105.I47 M68 2019  |t 0  |l Available Online